000
00345nam a2200133Ia 4500
008
230724s1999 xx und d
020
_a
97889928899
041
_a
eng
082
_a
720.9
100
_a
FLETCHERS B.
245
_a
A HISTORY OF ARCHITECTURE IX TH EDITION.
260
_b
C.B.S PUBLISHERS AND DISTRIBUTERS
_c
1999
300
_a
1622
999
_c
1171496
_d
1171496